000 00546cam a2200205ua 4500
001 6988
008 141118n ii |||gr||||Z||||||eng
020 _a9788132102250
040 _cMAIN
041 _aeng
082 _a320
100 _aChakrabarty, Bidyut,
_eAuthor.
245 _aModern Indian political thought :
_bText and context /
_cBy Bidyut Chakrabarty .
250 _a1st.
260 _aNew Delhi:
_bSAGE,
_c2011.
300 _axxxix,430p.
653 _aIndian politics
700 _aPandey, Kumar Rajendra,
_eAuthor.
942 _cBK
999 _c6129
_d6129